| 000 | 00975nam1a22002291i 4500 | ||
|---|---|---|---|
| 001 | rc\380122 | ||
| 005 | 20240726101811.0 | ||
| 035 | _a(NLR Aleph) 008770529 | ||
| 090 |
_a7921272 _c7921272 |
||
| 100 | _a20030307g19899999u |0rusy50 ca | ||
| 101 | 0 | _arus | |
| 102 | _aRU | ||
| 105 | _ay ||||||||| | ||
| 200 | 1 |
_aВзгляд на всемирную историю _eПисьма к дочери из тюрьмы, содержащие свобод. излож. истории для юношества _eВ 3 т. _fПер. с англ. под ред. Г.Л. Бондаревского и др. _gВступ. ст. Р.А. Ульяновского [с. 7-30] |
|
| 210 |
_aМ. _cПрогресс _d1989- |
||
| 215 | _d21 | ||
| 300 | _aПеревод изд.: Glimpses of world history / Jawaharlal Nehru (London, 1949) | ||
| 700 | 1 |
_aНеру _bД. _f1889-1964 _gДжавахарлал |
|
| 801 | 0 |
_aRU _bNLR _gpsbo |
|
| 801 | 1 |
_aRU _bELAR _2rusmarc |
|
| 852 |
_aNLR _j89-3/4062 |
||
| 942 | _cBOOK | ||